000
00301nam a2200121Ia 4500
005
20251222152655.0
008
251222s9999||||xx |||||||||||||| ||spa||
082
_a
985/D69
100
_a
Díaz de G., Jesús Luis
245
0
_a
Liberación Campesina en América Latina
264
_b
Cepla
942
_c
LIB
999
_c
28593
_d
28593